书目信息 |
| 题名: |
读点经典
|
|
| 作者: | 刘明华 主编 ;中共重庆市委宣传部 , 西南大学 编 | |
| 分册: | 第9辑 | |
| 出版信息: | 重庆 重庆出版社 2009.08 |
|
| 页数: | 86页 | |
| 开本: | 19cm | |
| 丛书名: | ||
| 单 册: | ||
| 中图分类: | Z835 | |
| 科图分类: | ||
| 主题词: | 推荐书目--tui jian shu mu--中国 | |
| 电子资源: | ||
| ISBN: | 978-7-229-01128-4 | |
| 000 | 01055nam0 2200253 450 | |
| 001 | 012009368542 | |
| 005 | 20091231093706.73 | |
| 010 | @a978-7-229-01128-4@dCNY6.00 | |
| 100 | @a20091230d2009 em y0chiy0120 ea | |
| 101 | 0 | @achi |
| 102 | @aCN@b500000 | |
| 105 | @aa z 000gy | |
| 106 | @ar | |
| 200 | 1 | @a读点经典@Adu dian jing dian@h第9辑@f中共重庆市委宣传部, 西南大学编@Fzhong gong chong qing shi wei xuan chuan bu,xi nan da xue bian@g主编刘明华@Gzhu bian liu ming hua |
| 210 | @a重庆@c重庆出版社@d2009.08 | |
| 215 | @a86页@c图@d19cm | |
| 330 | @a本书由中共重庆市委薄熙来书记倡议并作序,由中共重庆市委宣传部组织西南大学文学院选编。选录内容分为和谐、民生、为政、操守、修养、勤学、交友、爱情、亲情等主题,每期将选择上述6~8个主题编纂成书。 | |
| 606 | 0 | @a推荐书目@Atui jian shu mu@y中国 |
| 690 | @aZ835@v4 | |
| 701 | 0 | @a刘明华@Aliu ming hua@4主编 |
| 712 | 02 | @a中共重庆市委宣传部@Azhong gong chong qing shi wei xuan chuan bu@4编 |
| 712 | 02 | @a西南大学@Axi nan da xue@4编 |
| 801 | 0 | @aCN@bQSSK@c20091231 |
| 905 | @b769227-31@dZ835@eL652:9@f5 | |
| 读点经典.第9辑/中共重庆市委宣传部, 西南大学编/主编刘明华.-重庆:重庆出版社,2009.08 |
| 86页:图;19cm |
| ISBN 978-7-229-01128-4:CNY6.00 |
| 本书由中共重庆市委薄熙来书记倡议并作序,由中共重庆市委宣传部组织西南大学文学院选编。选录内容分为和谐、民生、为政、操守、修养、勤学、交友、爱情、亲情等主题,每期将选择上述6~8个主题编纂成书。 |
| ● |
| 相关链接 |
|
|
|
正题名:读点经典
索取号:Z835/L652:9
 
预约/预借
| 序号 | 登录号 | 条形码 | 馆藏地/架位号 | 状态 | 备注 |
| 1 | 769227 | 207692273 | 自科库501/501自科库 132排1列2层/ [索取号:Z835/L652:9] | 在馆 | |
| 2 | 769228 | 207692282 | 自科二线504/504自科库 42排5列5层/ [索取号:Z835/L652:9] | 在馆 | |
| 3 | 769229 | 207692291 | 自科库501/501自科库 132排1列2层/ [索取号:Z835/L652:9] | 在馆 | |
| 4 | 769230 | 207692308 | 自科库501/501自科库 132排1列2层/ [索取号:Z835/L652:9] | 在馆 | |
| 5 | 769231 | 207692317 | 自科二线504/504自科库 42排5列5层/ [索取号:Z835/L652:9] | 在馆 |